| 000 | 00872nam a2200217Ia 4500 | ||
|---|---|---|---|
| 001 | 671 | ||
| 003 | GE_BSU | ||
| 008 | 181216s||||||||xx |||||||||||||| ||und|| | ||
| 040 | _cGE_BSU | ||
| 080 | _a94(7/8)(075.8) | ||
| 100 | _aნანიტაშვილი,ნიკოლოზ(ვახტანგ) | ||
| 245 | _aამერიკის შეერთერბული შტატების 100 წლის ისტორია -xx საუკუნე.სახელმძღვანელო ისტორიის ფაკ-ტის სტუდენტებისათვის | ||
| 260 | _aთბილისი | ||
| 260 | _bქრონოგრაფი | ||
| 260 | _c2002 | ||
| 300 | _a690 გვ. | ||
| 541 | _h25 ლ. | ||
| 653 | _aამერიკის ისტორია | ||
| 653 | _aისტორია | ||
| 942 | _cBK | ||
| 999 |
_c34853 _d34853 |
||